Kvalita a vzdelávanie dospelých
Zabezpečenie a obsadenie pozícií v organizačnej štruktúre správnymi pracovníkmi. Kto je vlastne správny pracovník. Vytýčenie konkrétnych cieľov požiadaviek na pracovníka. Norma ISO 9001:2000 a hodnotenie efektivity vzdelávania. Zabezpečenie vhodnej formy vzdelávania. Definovanie kvalifikačných požia...
Salvato in:
| Autore principale: | |
|---|---|
| Natura: | Capitolo di libro |
| Lingua: | slovacco |
| Soggetti: | |
| Tags: |
Nessun Tag, puoi essere il primo ad aggiungerne!!
|
MARC
| LEADER | 00000naa a2200000 4500 | ||
|---|---|---|---|
| 001 | r041236 | ||
| 005 | 20231002070011.8 | ||
| 041 | 0 | |a slo | |
| 044 | |a SK | ||
| 245 | 1 | 0 | |a Kvalita a vzdelávanie dospelých |c Jiří Chlumský |
| 520 | |a Zabezpečenie a obsadenie pozícií v organizačnej štruktúre správnymi pracovníkmi. Kto je vlastne správny pracovník. Vytýčenie konkrétnych cieľov požiadaviek na pracovníka. Norma ISO 9001:2000 a hodnotenie efektivity vzdelávania. Zabezpečenie vhodnej formy vzdelávania. Definovanie kvalifikačných požiadaviek. Vytváranie kvalifikačnej tabuľky pre rôzne úrovne manažérov vo V. Británii. | ||
| 610 | 2 | 0 | |a vzdelávanie |
| 610 | 2 | 0 | |a kvalita |
| 610 | 2 | 0 | |a personalistika |
| 610 | 2 | 0 | |a pracovníci kvalifikovaní |
| 610 | 2 | 0 | |a manažéri |
| 610 | 2 | 0 | |a odbornosť |
| 610 | 2 | 0 | |a vedomosti |
| 610 | 2 | 0 | |a štruktúra podniku organizačná |
| 610 | 2 | 0 | |a ISO 9000 |
| 610 | 2 | 0 | |a kvalifikácia |
| 100 | 1 | |a Chlumský, Jiří | |